00825nam a2200193Ia 4500999001500000003000900015005001700024008004100041040002800082090002200110110006300132245010100195260008000296300004100376504002400417650002800441942001200469952015000481 c2710d2710DO-SdBJH20180416225118.0180414s9999 dr 000 0 spa d aDO-SdBJHbspacDO-SdBJH aDM AY 07-08 2007 aInstituto de Cooperación para la Seguridad Hemisférica10aLibro de referencia del escenario 1 / Instituto de Cooperación para la Seguridad Hemisférica aFuerte Benning, Georgia : Cuartel General Secretaría del Ejército, 2007 a217 páginas en varias paginaciones aIncluye apéndices 4aEscenario -- Referencia 2ddccBK 00102ddc40708DMaBEGEMbBEGEMcGENd2018-04-14i18-EERD-01108l0oDM AY 07-08 2007p18-EERD-01108r2018-04-14 00:00:00tEj.1w2018-04-14yBK